LEADER 01378nam 2200361 n 450 001 996388157703316 005 20221108051532.0 035 $a(CKB)1000000000634559 035 $a(EEBO)2240907281 035 $a(UnM)99863900 035 $a(EXLCZ)991000000000634559 100 $a19850619d1643 uy | 101 0 $aeng 135 $aurbn||||a|bb| 200 14$aThe upright Protestant$b[electronic resource] $eas he was reformed from the superstitious errours of popery in the happy reignes of Edward the 6th. Qu. Elizabeth, and K. Iames of blessed memory. And for whom this (thrice happy) Parliament will live and die 210 $aLondon $cPrinted for George Lindsey, and are to be sold at his shop over against the London-Stone$d1643 215 $a[2], 6 p 300 $aBy Herbert Palmer--Cf. Wing. 300 $aAnnotation on Thomason copy: "Aprill 27". 300 $aReproduction of the original in the British Library. 330 $aeebo-0018 606 $aProtestantism$vEarly works to 1800 607 $aGreat Britain$xChurch history$y16th century$vEarly works to 1800 615 0$aProtestantism 700 $aPalmer$b Herbert$f1601-1647.$0845468 801 0$bCu-RivES 801 1$bCu-RivES 801 2$bCStRLIN 801 2$bWaOLN 906 $aBOOK 912 $a996388157703316 996 $aThe upright Protestant$92338411 997 $aUNISA LEADER 01416oas 2200505 a 450 001 9910890964303321 005 20260218110845.0 035 $a(OCoLC)71835817 035 $a(CONSER) 2006215188 035 $a(CKB)1000000000257158 035 $a(DE-599)2202058-5 035 $a(EXLCZ)991000000000257158 100 $a20061004b20032006 sy a 101 0 $aeng 135 $aurcnu|||||||| 181 $ctxt$2rdacontent 182 $cc$2rdamedia 183 $acr$2rdacarrier 200 00$aAnimal liberation philosophy and policy journal /$fCenter on Animal Liberation Affairs 210 $aEl Paso, TX $cCenter on Animal Liberation Affairs$d2003- 215 $a1 online resource 300 $aTitle from banner (CALA website, viewed Oct. 3, 2006). 311 08$a1933-8325 606 $aAnimal rights$vPeriodicals 606 $aAnimal rights$2fast$3(OCoLC)fst00809364 608 $aPeriodicals.$2fast 615 0$aAnimal rights 615 7$aAnimal rights. 676 $a179 712 02$aCenter on Animal Liberation Affairs. 801 0$bDLC 801 1$bDLC 801 2$bDLC 801 2$bOCLCQ 801 2$bOCLCF 801 2$bCUS 801 2$bOCLCQ 801 2$bBWN 801 2$bOCLCQ 801 2$bOCLCL 801 2$bOCLCQ 906 $aJOURNAL 912 $a9910890964303321 996 $aAnimal liberation philosophy and policy journal$94261310 997 $aUNINA